1718 1239 1394 1735 1722 1369 1628 1846 1870 1024 1119 1964 1455 1591 1757 1470 1447 1319 1175 1886 1063 1604 1119 1524 1117 1112 1360 1260 2000 1164 1255 1231 1343 1544 1605 1415 1684 1359 1468 1792 1431 1822 1982 1607 1934 1737 1404 1892 1518 1264 1864 1790 1698 1351 1031 1751 1047 1254 1654 1010 1631 1777 1715 1782 1103 1355 1726 1515 1294 1590 1009 1789 1913 1086 1904 1154 1843 1570 1600 1791 1397 1671 1292 1547 1051 1914 1477 1117 1746 1956 1300 1183 1041 1701 1104 1345 1639 1625 1201 BCNSPRNW ULIB Ver.6.0+V

เปลี่ยนเป็นภาษาไทย

Change to English
 แสดงรายละเอียดบรรณานุกรม
  กลับหน้าหลัก

Brief Record : Get Marc (ISO 2709) : E-mail record : QR code < ปิดหน้าต่าง
LEADER : 00000nam 2200000uu 4500
001    13399113185
003     ULIB
008    110930s2551||||th 000 0 tha d
020    9789742127718
050 04 QA76.76^bส786ม 2552
100 0  สุธีร์ นวกุล
245 10 มือใหม่ขอเป็นเซียน Windows Vista /^cสุธีร์ นวกุล
260    กรุงเทพฯ :^bซีเอ็ดยูเคชั่น,^c2551
300    622 หน้า :^bภาพประกอบ
650  7 ไมโครซอฟต์วินโดวส์วิสต้า
650  7 ระบบปฏิบัติการ (คอมพิวเตอร์)
945    ^p225^l0^i027322
995    ทศพร
999 ^a ศิริพร
รายการนี้ยังไม่มีแท็ก
คุณยังไม่ได้ล็อกอิน คุณสามารถมีกิจกรรมร่วมกับเว็บไซต์ได้ แต่ต้องล็อกอินก่อน ::
  ล็อกอิน

รายการสื่อสารสนเทศ

ลำดับที่ ประเภท เลขเรียก/บาร์โค้ด สถานที่ สถานะ
- ไม่พบข้อมูล -

รายการใกล้เคียง
    ผู้แต่ง [สุธีร์ นวกุล]

    หัวเรื่อง [ไมโครซอฟต์วินโดวส์วิสต้า]
    หัวเรื่อง [ระบบปฏิบัติการ (คอมพิวเตอร์)]

BibComment


ยังไม่เคยถูกคอมเมนท์

คอมเมนท์ทรัพยากรรายการนี้
  คอมเมนท์: มือใหม่ขอเป็นเซีย..


 Copyright 2026. Bcnsprnw @Library